|
|
|
|
| LEADER |
00942nam a2200253 a 4500 |
| 001 |
2541346 |
| 008 |
090709s1995 nyua 001 0 eng d |
| 010 |
|
|
|a 94017411
|
| 020 |
|
|
|a 0070364184 (alk. paper) :
|c $18.50
|
| 040 |
|
|
|a DLC
|c DLC
|d DLC
|
| 082 |
0 |
0 |
|a 808/.0427
|2 20
|
| 100 |
1 |
|
|a Langan, John,
|d 1942-
|
| 245 |
1 |
0 |
|a English skills with readings /
|c John Langan.
|
| 250 |
|
|
|a 3rd ed.
|
| 260 |
|
|
|a New York :
|b McGraw-Hill,
|c c1995.
|
| 300 |
|
|
|a xx, 586 p. :
|b col. ill. ;
|c 24 cm.
|
| 504 |
|
|
|a Includes index.
|
| 541 |
1 |
|
|e 00007602
|
| 650 |
|
0 |
|a English language
|x Rhetoric.
|
| 650 |
|
0 |
|a English language
|x Grammar.
|
| 650 |
|
0 |
|a College readers.
|
| 852 |
4 |
|
|a Ayesha Abed Library
|j General Shelf.
|
| 999 |
|
|
|c 2196
|d 2196
|
| 952 |
|
|
|0 0
|1 0
|2 ddc
|4 0
|6 808_042700000000000_LAN_1995
|7 0
|9 2022
|a BRACUL
|b BRACUL
|c GEN
|d 2009-07-09
|g 0.00
|l 4
|m 50
|o 808.0427 LAN
|p 3010007602
|r 2025-09-24
|s 2024-12-03
|t 1
|w 2009-07-09
|y BK
|x No price found in the accession register.
|